<?xml version="1.0" encoding="UTF-8"?>
<record
    xmlns:xsi="http://www.w3.org/2001/XMLSchema-instance"
    xsi:schemaLocation="http://www.loc.gov/MARC21/slim http://www.loc.gov/standards/marcxml/schema/MARC21slim.xsd"
    xmlns="http://www.loc.gov/MARC21/slim">

  <leader>01138cam a2200241   4500</leader>
  <controlfield tag="008">080905n        mx a          000 0bspa u</controlfield>
  <datafield tag="020" ind1=" " ind2=" ">
    <subfield code="a">9703503950</subfield>
  </datafield>
  <datafield tag="035" ind1=" " ind2=" ">
    <subfield code="a">a472500</subfield>
  </datafield>
  <datafield tag="245" ind1="1" ind2="3">
    <subfield code="a">La Materia del arte :</subfield>
    <subfield code="b">Jos&#xE9; Mar&#xED;a Velazco y Hermenegildo Bustos.</subfield>
  </datafield>
  <datafield tag="250" ind1=" " ind2=" ">
    <subfield code="a">1a ed.</subfield>
  </datafield>
  <datafield tag="260" ind1=" " ind2=" ">
    <subfield code="a">M&#xE9;xico :</subfield>
    <subfield code="b">CONACULTA :</subfield>
    <subfield code="b">Museo Nacional de Arte :</subfield>
    <subfield code="b">UNAM, Instituto de Investigaciones Est&#xE9;ticas, </subfield>
    <subfield code="c">2004</subfield>
  </datafield>
  <datafield tag="300" ind1=" " ind2=" ">
    <subfield code="a">129 p. :</subfield>
    <subfield code="b">il. ;</subfield>
    <subfield code="c">22 cm.</subfield>
  </datafield>
  <datafield tag="500" ind1=" " ind2=" ">
    <subfield code="a">Exposici&#xF3;n La materia del Arte. Jos&#xE9; Mar&#xED;a Velasco y Hermenegildo Bustoas presentada en el Museo Nacional de Arte, junio 15-octubre 3, 2004</subfield>
  </datafield>
  <datafield tag="590" ind1=" " ind2=" ">
    <subfield code="a">Donaci&#xF3;n: UNAM, Instituto de Investigaciones Est&#xE9;ticas</subfield>
  </datafield>
  <datafield tag="600" ind1="1" ind2=" ">
    <subfield code="a">Velasco, Jos&#xE9; Mar&#xED;a, </subfield>
    <subfield code="d">1840-1912 </subfield>
    <subfield code="v">Exposiciones</subfield>
  </datafield>
  <datafield tag="600" ind1="1" ind2=" ">
    <subfield code="a">Velasco, Jos&#xE9; Mar&#xED;a, 1d1840-1912 </subfield>
    <subfield code="x">Cr&#xED;tica e interpretaci&#xF3;n</subfield>
  </datafield>
  <datafield tag="600" ind1="1" ind2=" ">
    <subfield code="a">Bustos, Hermenegildo, </subfield>
    <subfield code="d">1832-1907 </subfield>
    <subfield code="v">Exposiciones</subfield>
  </datafield>
  <datafield tag="600" ind1="1" ind2=" ">
    <subfield code="a">Bustos, Hermenegildo, 1d1832-1907 </subfield>
    <subfield code="x">Cr&#xED;tica e interpretaci&#xF3;n</subfield>
  </datafield>
  <datafield tag="650" ind1=" " ind2="4">
    <subfield code="a">Pintura moderna </subfield>
    <subfield code="d">Siglo XIX </subfield>
    <subfield code="z">M&#xE9;xico </subfield>
    <subfield code="v">Exposiciones</subfield>
  </datafield>
  <datafield tag="710" ind1="1" ind2=" ">
    <subfield code="a">M&#xE9;xico. Instituto Nacional de Bellas Artes</subfield>
  </datafield>
  <datafield tag="942" ind1=" " ind2=" ">
    <subfield code="2">lcc</subfield>
    <subfield code="c">LIB</subfield>
  </datafield>
  <datafield tag="999" ind1=" " ind2=" ">
    <subfield code="c">71582</subfield>
    <subfield code="d">71582</subfield>
  </datafield>
  <datafield tag="952" ind1=" " ind2=" ">
    <subfield code="1">0</subfield>
    <subfield code="2">lcc</subfield>
    <subfield code="4">0</subfield>
    <subfield code="7">0</subfield>
    <subfield code="a">INV-033</subfield>
    <subfield code="b">INV-033</subfield>
    <subfield code="c">GENERAL</subfield>
    <subfield code="d">2018-11-14</subfield>
    <subfield code="k">CSA</subfield>
    <subfield code="o">ND259 .V4M38 2004</subfield>
    <subfield code="p">IIH000027509</subfield>
    <subfield code="r">2018-11-14 00:00:00</subfield>
    <subfield code="t">C:1</subfield>
    <subfield code="y">LIB</subfield>
  </datafield>
</record>
